Ekonomika společenství jako jiná alternativa života ve firmách
Hlavná idea ekonomiky spoločenstva. Iný pohľad na ekonomiku a jej sociálne a etické aspekty. Luigino Bruni a Alberto Ferrucci - teoretici ekonomiky spoločenstva. Kritici ekonomiky spoločenstva. Kultúra bezplatnosti. Nová organizácia práce. Smernice pre vedenie podniku ekonomiky spoločenstva.
Salvato in:
| Autore principale: | |
|---|---|
| Natura: | Capitolo di libro |
| Lingua: | ceco |
| Soggetti: | |
| Tags: |
Nessun Tag, puoi essere il primo ad aggiungerne!!
|
MARC
| LEADER | 00000naa a2200000 4500 | ||
|---|---|---|---|
| 001 | 0214268 | ||
| 005 | 20160321112550.7 | ||
| 041 | 0 | |a cze | |
| 044 | |a CZ | ||
| 245 | 1 | 0 | |a Ekonomika společenství jako jiná alternativa života ve firmách |c Hana Kejhová |
| 520 | |a Hlavná idea ekonomiky spoločenstva. Iný pohľad na ekonomiku a jej sociálne a etické aspekty. Luigino Bruni a Alberto Ferrucci - teoretici ekonomiky spoločenstva. Kritici ekonomiky spoločenstva. Kultúra bezplatnosti. Nová organizácia práce. Smernice pre vedenie podniku ekonomiky spoločenstva. | ||
| 610 | 2 | 0 | |a ekonomika nová |
| 610 | 2 | 0 | |a ekonomika sociálna |
| 610 | 2 | 0 | |a vedenie podniku |
| 610 | 2 | 0 | |a bohatí |
| 610 | 2 | 0 | |a chudobní |
| 610 | 2 | 0 | |a dary |
| 610 | 2 | 0 | |a etika |
| 610 | 2 | 0 | |a zodpovednosť |
| 610 | 2 | 0 | |a podnikanie zodpovedné |
| 100 | 1 | |a Kejhová, Hana | |